BSOP header

A man for all seasons [videorecording] / (Record no. 8788)

MARC details
000 -LEADER
fixed length control field 00782nam a2200193 4500
008 - FIXED-LENGTH DATA ELEMENTS--GENERAL INFORMATION
fixed length control field 020514s1977 cau en gt
090 #0 - LOCALLY ASSIGNED LC-TYPE CALL NUMBER (OCLC); LOCAL CALL NUMBER (OCLC)
Classification number (OCLC) (R) ; Classification number, CALL (RLIN) (NR) 942.052
Local cutter number (OCLC) ; Book number/undivided call number, CALL (RLIN) B63
245 10 - TITLE STATEMENT
Title A man for all seasons [videorecording] /
Statement of responsibility, etc from the play by Robert Bolt ; co-starring Wendy Hiller...[et al.] ; produced and directed by Fred Zinnemann.
260 ## - PUBLICATION, DISTRIBUTION, ETC. (IMPRINT)
Place of publication, distribution, etc California :
Name of publisher, distributor, etc Columbia Tristar,
Date of publication, distribution, etc c1966, c1977.
300 ## - PHYSICAL DESCRIPTION
Extent videocassette (approx. 120 mins.) :
Other physical details sd., col., NTSC, hi-fi.
500 ## - GENERAL NOTE
General note VHS [original]
600 14 - SUBJECT ADDED ENTRY--PERSONAL NAME
Personal name More, Sir Thomas.
651 #4 - SUBJECT ADDED ENTRY--GEOGRAPHIC NAME
Geographic name Great Britain
General subdivision History
-- Henry VIII, 1509-1547.
651 #4 - SUBJECT ADDED ENTRY--GEOGRAPHIC NAME
Geographic name Great Britain
General subdivision Kings and rulers.
700 1# - ADDED ENTRY--PERSONAL NAME
Personal name Bolt, Robert
700 1# - ADDED ENTRY--PERSONAL NAME
Personal name Hiller, Wendy.
700 1# - ADDED ENTRY--PERSONAL NAME
Personal name Zinnemann, Fred.
951 ## - EQUIVALENCE OR CROSS-REFERENCE-GEOGRAPHIC NAME/AREA NAME [OBSOLETE] [CAN/MARC only]
-- V-1061
-- 942.052/B63
-- 070613111124609
-- 2000-12-21
-- VT
Holdings
Withdrawn status Lost status Damaged status Not for loan Home library Current library Shelving location Date acquired Accession number Shelving control number Total Checkouts Full call number Date last seen Price effective from Koha item type
        BSOP Library BSOP Library Video Tapes 12/21/2000 V-1061 127   942.052/B63 02/23/2013 02/23/2013 Books
BSOP

Biblical Seminary of the Philippines
  All rights Reserved
  © 2024

CONTACT INFORMATION

Biblical Seminary of the Philippines,
  77-B Karuhatan Road, Valenzuela City,
  PHILIPPINES 1441
  Phone: +632 8292-6795 / 8292-6798
  Fax : +632 8292-6675
  Email: library@bsop.edu.ph